A-Z: names ending in J - Statistics

General Stats
  • This quiz has been taken 26 times
  • The average score is 5 of 26
Answer Stats
Initial letter Clue Name ending in J % Correct
B ____ Khalifa, the world's tallest building Burj
100%
H An annual religious event in Mecca Hajj
77%
T Famous Agra landmark the ___ Mahal Taj
73%
C The second-biggest city in Romania Cluj
50%
R The name of the part of the British Empire in India Raj
50%
X A series of Jaguar cars XJ
31%
Q Iraqi town which sounds like "carriage" Qaraj
27%
S First name of rock singer Tankian of System of a Down Serj
19%
M Polish first name of Celtic striker Zurawski Maciej
12%
Y An all-female Kurdish militia in the Syrian war YPJ
12%
Z Surname of Serb poet Jovan Jovanović Zmaj
12%
A Libyan city also known simply as Marj Al-Marj
8%
D Majority-Serb city in Bosnia Doboj
8%
E Leading communist in 1930s Slovenia Edvard Kardelj
4%
F Kosovo's third-largest city, also called Uroševac Ferizaj
4%
G Large town in India south of Kolhapur Gadhinglaj
4%
K Large suburb of Tehran Karaj
4%
N An upazila of Dhaka district Nawabganj
4%
I Modern Polish artist noted for his sculptures of body parts Igor Mitoraj
0%
J Afghan mountain town, a popular picnic spot for residents of Kabul Jabal Saraj
0%
L Town in western Romania Lugoj
0%
O A town and a nagar panchayat in the Indian state of Madhya Pradesh Obaidullaganj
0%
P Serbian actor of the late 1900s Petar Kralj
0%
U Town in Montenegro Ulcinj
0%
V Indian steel manufacturer Viraj
0%
W Early Polish punk Walek Dzedzej
0%
No matching quizzes found
Score Distribution
Percent of People with Each Score
Percentile by Number Answered
Your Score History
You have not taken this quiz